Figs : a global history /

Bibliographic Details
Main Author: Sutton, David C.
Format: Book
Language:English
Published: London : Reaktion Books, 2014.
Subjects:

MARC

Tag First Indicator Second Indicator Subfields
LEADER 00000cam a2200000Ia 4500
001 in00003515021
005 20151206123951.0
008 140217s2014 enka b 001 0 eng d
015 |a GBB478130  |2 bnb 
016 7 |a 016802086  |2 Uk 
020 |a 1780233493 
020 |a 9781780233499 
035 |a (OCoLC)ocn870663442 
035 |a (OCoLC)870663442 
040 |a YDXCP  |b eng  |c YDXCP  |d BDX  |d UKMGB  |d OCLCO  |d CDX  |d MDY  |d UtOrBLW 
049 |a TXAM 
050 4 |a SB365  |b .S88 2014 
082 0 4 |a 641.3/437  |2 23 
100 1 |a Sutton, David C. 
245 1 0 |a Figs :  |b a global history /  |c David C. Sutton. 
264 1 |a London :  |b Reaktion Books,  |c 2014. 
300 |a 128 pages :  |b color illustrations ;  |c 21 cm. 
336 |a text  |b txt  |2 rdacontent 
337 |a unmediated  |b n  |2 rdamedia 
338 |a volume  |b nc  |2 rdacarrier 
504 |a Includes bibliographical references and index. 
650 0 |a Fig. 
650 0 |a Fig  |x History. 
650 0 |a Cooking (Figs) 
938 |a YBP Library Services  |b YANK  |n 11639496 
938 |a Brodart  |b BROD  |n 108731316 
938 |a Coutts Information Services  |b COUT  |n 27484678 
947 |a A14840393026 
945 |a PromptCat  |b 961360 
946 |a stk 
948 |a Cataloged  |b h  |c 2014/11/14  |d c  |e LDuncan  |  f 1:02:32 PM 
994 |a 92  |b TXA 
999 |a MARS 
999 f f |s 17a0addc-529d-33f6-acfd-ba83de8b929f  |i fd621abd-191a-325e-ac48-3196c89ea016  |t 0 
952 f f |p ric  |a Texas A&M University  |b Rellis Campus  |c Joint Library Facility  |s JLF  |d Remote Storage  |t 0  |e SB365 .S88 2014  |h Library of Congress classification  |i unmediated -- volume  |m A14840393026 
998 f f |a SB365 .S88 2014  |t 0  |l Remote Storage